000 00681nam a2200205Ia 4500
003 GCL
005 20240530104221.0
008 140319s9999 xx 000 0 ara d
040 _aGCL /
_cGCL
082 0 4 _a915.3
_bى ع
100 1 _aيسرى عبدالرازق الجوهرى
245 1 0 _aالعالم الاسلامى فى اسيا وافريقية /
_cيسرى عبدالرازق الجوهرى
260 _aالاسكندرية :
_bمؤسسة شباب الجامعة ،
_c1985
300 _a623 ص :
_bخرائط ؛
_c24 سم
650 0 4 _aالوطن العربى
650 0 4 _aافريقيا
650 0 4 _aالجغرافيا
650 0 4 _aاسيا
942 _2ddc
_cBK
999 _c45560
_d45560